000 00271nam a22001217a 4500
008 180919b xxu||||| |||| 00| 0 eng d
041 _aeng
080 _a610
100 _a5
101 _aANE
245 _aThe Anesthesia Drugs Handbook
_cOmoigui.S
942 _2udc
_cBK
999 _c48077
_d48077